000 00678nam a2200229Ia 4500
005 20241216005939.0
008 180423s9999||||xx |||||||||||||| ||und||
020 _a968-24-4353-9
082 _a155.422
_bP76
100 _aPOMERLEAU, ANDREE Y MALCUIT, GERARD
245 0 _aEL NIÑO Y SU AMBIENTE
_bUN ESTUDIO FUNCIONAL DE LA PRIMERA INFANCIA
250 _a1
260 _aMEXICO
_bTRILLAS S. A.
_c1992
300 _a394 pag.
_c23 cm
341 _h49.06
490 _v0
_a0
505 _aNIÑO ESTUDIO-ORGANISMOS HUMANO/AMBIENTE-INICIOS DEL LENGUAJE
541 _aC
_bSAN CRISTOBAL S.A.
_d11-Jun-98
_odólar
650 _aFILOSOFIA
856 _zHumanidades
942 _cLIBRO
999 _c1443
_d1443